Statistiken für Ergebnisdiagramm der Fußball-Weltmeisterschaft 1966

Klicken Sie hier um das Quiz zu spielen!

Allgemein

  • Dieses Quiz wurde 357 mal gespielt
  • Das Durchschnittsergebnis liegt bei 12 aus 16

Antworten auf der Karte

Die Antworten werden auf der Karte rot bzw. grün angezeigt, abhängig davon wie oft sie richtig erraten wurden.
 

Antwortstatistiken

Nation% Korrekt
England
99%
Brasilien
93%
Argentinien
91%
BR Deutschland
91%
Italien
86%
Spanien
84%
Frankreich
82%
Uruguay
79%
Sowjetunion
77%
Portugal
75%
Mexiko
69%
Schweiz
65%
Ungarn
63%
Chile
53%
Bulgarien
40%
Nordkorea
36%

Verteilung der Resultate

Perzentil nach korrekt beantworteten Fragen

Anzahl Personen mit jedem Resultat

Ihre Resultats-Entwicklung

Sie haben dieses Quiz noch nicht gespielt